[Event "IRL-ch 100th First Week"]
[Site "Dublin"]
[Date "2021.07.25"]
[Round "5"]
[White "McClean, Finn"]
[Black "Fitzpatrick, Peter"]
[Result "0-1"]
[WhiteElo "700"]
[BlackElo "700"]
[PlyCount "68"]
[EventDate "2021.07.23"]
[EventType "swiss"]
[EventRounds "5"]
[EventCountry "IRL"]
[SourceTitle "EXT 2022"]
[Source "ChessBase"]
[SourceDate "2021.10.06"]
[SourceVersion "1"]
[SourceVersionDate "2021.10.06"]
[SourceQuality "1"]

1. e4 e5 2. Bc4 Nc6 3. Qf3 Nf6 4. Qb3 Qe7 5. d3 Nd4 6. Qa4 c6 7. Bg5 b5 8. Qa5 bxc4 9. Bxf6 Qxf6 10. Nd2 Nxc2+ 11. Kd1 Nxa1 12. Nxc4 Qxf2 13. Nd6+ Bxd6 14. h4 Qxg2 15. Rh3 Qxg1+ 16. Ke2 Qg2+ 17. Ke3 Bc5+ 18. Qxc5 Qg1+ 19. Kd2 Qxc5 20. Ke2 Qc2+ 21. Ke3 Ba6 22. Rf3 Qxd3+ 23. Kf2 Qe2+ 24. Kg3 Qe1+ 25. Kg2 Qxe4 26. b3 Be2 27. Kg3 Qxf3+ 28. Kh2 d5 29. Kg1 Qc3 30. Kf2 Rb8 31. Kxe2 Nxb3 32. axb3 Rxb3 33. Kf2 Qc2+ 34. Kf1 Rb1# 0-1